Culture Générale - Série 1639 - Statistiques

Statistiques générales
  • Ce quiz a été pris 99 fois
  • Le résultat moyen est 7 sur 10
Statistiques - réponses
Question Réponse % Correct
Comment les marins nomment-ils le côté gauche d'un navire, lorsqu'ils regardent vers l'avant ? bâbord
94%
Comment s'appelle le résidu de café utilisé pour prédire l'avenir ? marc
89%
Quelle pièce de bois rigide, qui désigne un lit dans le langage familier, plante-t-on dans le coeur d'un vampire pour le tuer ? pieu
89%
Selon la Genèse, quelle tour les hommes bâtirent-ils pour atteindre le ciel ? tour de Babel
86%
De quel État d'Asie, ouvert sur la Méditerranée, le savon d'Alep est-il originaire ? Syrie
82%
Quel nuage désigne également un chauffe-eau électrique de forme cylindrique ? cumulus
74%
De quel pays est originaire le prix Nobel de la paix Desmond Tutu ? Afrique du Sud
70%
Quel film de Clint Eastwood de 2010 raconte l'alliance entre Nelson Mandela et le capitaine de l'équipe nationale de rugby, afin d'unifier l'Afrique de Sud ? Invictus
47%
Dans le clip de Julien Doré "Les Figures imposées", quelle actrice française (initiales CD) fait deux apparitions en patins à roulettes ? Catherine Deneuve
36%
Comment nomme-t-on les deux petits bouquets de plumes qui ornent la tête des hiboux ? aigrettes
9%
Aucun quiz correspondant
Distribution des résultats
% des personnes avec chaque résultat
Percentile par nombre de réponses
Votre historique - résultats
Vous n’avez pas pris ce quiz